Statistics for Which City in the Netherlands?

Click here to take the quiz!

General Stats

  • This quiz has been taken 134 times
  • The average score is 13 of 20

Answer Stats

DescriptionLetterAnswer% Correct
Capital of the NetherlandsAAmsterdam
100%
Home to the busiest port in EuropeRRotterdam
99%
Most important city in the Netherlands during the Middle AgesUUtrecht
98%
Home to the International Court of JusticeTThe Hague
94%
One of Upper Manhattan's neighborhoods is named after this Dutch cityHHaarlem
88%
Most populous city in northern NetherlandsGGroningen
87%
Largest city in the province of North BrabantEEindhoven
87%
Where the 1992 treaty that created "Euro" was signedMMaastricht
86%
Home to the oldest university in the NetherlandsLLeiden
66%
Capital of OverijsselZZwolle
60%
Oldest city in the NetherlandsNNijmegen
59%
Known for its ten-day-long funfair - held in July each yearTTilburg
53%
Capital of ArubaOOranjestad
53%
Most populous city on the river ZaanZZaandam
52%
Newest city in the NetherlandsAAlmere
51%
Where Charles II of England resided most of his exileBBreda
48%
City famous for its pottery industryDDelft
46%
Where Etty Hillesum resided until being deported and killed in AuschwitzDDeventer
25%
Birthplace of Vincent Van GoghZZundert
19%
Headquarters of Europe's largest meat processor Vion NVBBest
11%

Score Distribution

Percentile by Number Answered

Percent of People with Each Score

Your Score History

You have not taken this quiz